[Event "Berlin-ch QT"]
[Site "Berlin"]
[Date "2019.04.28"]
[Round "9"]
[White "Schuran, Sebastian"]
[Black "Neuenbaumer, Jan Holger"]
[Result "0-1"]
[WhiteElo "1914"]
[BlackElo "1912"]
[PlyCount "66"]
[EventDate "2019.04.20"]
[EventType "swiss"]
[EventRounds "9"]
[EventCountry "GER"]
[SourceTitle "EXT 2020"]
[Source "ChessBase"]
[SourceDate "2019.10.17"]
[SourceVersion "1"]
[SourceVersionDate "2019.10.17"]
[SourceQuality "1"]

1. e4 c5 2. Nf3 Nc6 3. Bb5 g6 4. Bxc6 dxc6 5. d3 Bg7 6. h3 Nf6 7. 0-0 0-0 8. a4 b6 9. Be3 c4 10. Nc3 cxd3 11. cxd3 Ba6 12. Ne5 Nxe4 13. Nxc6 Nxc3 14. bxc3 Qxd3 15. Qg4 Qd6 16. Nd4 Bxf1 17. Rxf1 h5 18. Qf3 Qa3 19. g4 hxg4 20. hxg4 Qxa4 21. Kg2 e5 22. Rh1 exd4 23. Qh3 Qc6+ 24. f3 Rfe8 25. Qh7+ Kf8 26. Bh6 Re2+ 27. Kg1 Bxh6 28. Qxh6+ Ke7 29. Qg5+ Qf6 30. Qd5 Rd8 31. Qb7+ Rd7 32. Qa8 Qf4 33. Rh3 Qc1# 0-1

[Event "Berlin-ch QT"]
[Site "Berlin"]
[Date "2017.04.17"]
[Round "9"]
[White "Neuenbaumer, Jan Holger"]
[Black "Krueger, Robin Kevin"]
[Result "1/2-1/2"]
[WhiteElo "1906"]
[BlackElo "1875"]
[PlyCount "22"]
[EventDate "2017.04.09"]
[EventType "swiss"]
[EventRounds "9"]
[EventCountry "GER"]
[SourceTitle "CBM 189 Extra"]
[Source "ChessBase"]
[SourceDate "2019.06.03"]
[SourceVersion "1"]
[SourceVersionDate "2019.06.03"]
[SourceQuality "1"]

1. e4 e5 2. Nf3 Nc6 3. d4 exd4 4. Nxd4 Bb4+ 5. c3 Bc5 6. Be3 Bb6 7. Nd2 Nf6 8. Bc4 0-0 9. Nxc6 bxc6 10. Bxb6 axb6 11. 0-0 d5 1/2-1/2

[Event "Berlin-ch QT"]
[Site "Berlin"]
[Date "2015.04.10"]
[Round "8"]
[White "Neuenbaumer, Jan Holger"]
[Black "Gremm, Albert Juergen"]
[Result "0-1"]
[WhiteElo "1912"]
[BlackElo "1885"]
[PlyCount "162"]
[EventDate "2015.04.03"]
[EventType "swiss"]
[EventRounds "9"]
[EventCountry "GER"]
[SourceTitle "EXT 2022"]
[Source "ChessBase"]
[SourceDate "2021.10.06"]
[SourceVersion "1"]
[SourceVersionDate "2021.10.06"]
[SourceQuality "1"]

1. e4 Nc6 2. d4 e5 3. d5 Nce7 4. Nf3 Ng6 5. Be3 Be7 6. Nbd2 a6 7. Bd3 d6 8. h3 h6 9. g3 Bg5 10. Qe2 c5 11. dxc6 bxc6 12. Nc4 Bxe3 13. Qxe3 Be6 14. Rd1 d5 15. Ncxe5 d4 16. Qd2 Qf6 17. Qa5 N8e7 18. Ke2 0-0 19. Ng4 Bxg4 20. hxg4 Nd5 21. Qc5 Rad8 22. Rh5 Ngf4+ 23. gxf4 Nxf4+ 24. Kf1 Nxh5 25. Qf5 Qxf5 26. exf5 Nf6 27. g5 hxg5 28. Bxa6 g4 29. Ne5 c5 30. Be2 Rd5 31. Nxg4 Rxf5 32. Nxf6+ Rxf6 33. b4 Rh6 34. Bf3 cxb4 35. Rxd4 Rb8 36. Bd5 Kf8 37. Rf4 f6 38. Bb3 Rh3 39. Rc4 Rc3 40. Rh4 Rb7 41. Re4 f5 42. Re5 g6 43. Rd5 Ke7 44. Rd4 Kf6 45. f4 Re7 46. Rxb4 Re4 47. Rb6+ Kg7 48. a4 Rxf4+ 49. Ke2 Rg4 50. a5 Rh3 51. Kd2 Rg1 52. a6 Ra1 53. Rb7+ Kf6 54. a7 Ke5 55. Re7+ Kd4 56. Rd7+ Kc5 57. Bd5 Rxa7 58. Rxa7 Kxd5 59. Rg7 Rg3 60. Re7 Kd4 61. c3+ Kc4 62. Rc7+ Kd5 63. Re7 f4 64. Re8 g5 65. Re7 Rg2+ 66. Kd3 g4 67. c4+ Kd6 68. Rf7 Ke5 69. c5 Rg3+ 70. Kd2 Rg2+ 71. Kd3 Rg3+ 72. Kd2 Rh3 73. c6 Rh6 74. c7 Rc6 75. Re7+ Kf5 76. Rg7 g3 77. Ke2 Ke4 78. Re7+ Kf5 79. Kf3 Rc3+ 80. Kg2 Rc2+ 81. Kf3 Rf2# 0-1

[Event "Berlin Eckbauer op 11th"]
[Site "Berlin"]
[Date "2008.10.13"]
[Round "6.7"]
[White "Boettcher, Patrick"]
[Black "Neuenbaumer, Jan Holger"]
[Result "1-0"]
[WhiteElo "2165"]
[BlackElo "1766"]
[PlyCount "67"]
[EventDate "2008.09.08"]
[EventType "swiss"]
[EventRounds "6"]
[EventCountry "GER"]
[SourceTitle "EXT 2022"]
[Source "ChessBase"]
[SourceDate "2021.10.06"]
[SourceVersion "1"]
[SourceVersionDate "2021.10.06"]
[SourceQuality "1"]

1. e4 c5 2. Nf3 Nc6 3. d4 cxd4 4. Nxd4 Nf6 5. Nc3 e5 6. Ndb5 d6 7. Bg5 a6 8. Na3 b5 9. Bxf6 gxf6 10. Nd5 f5 11. exf5 Bxf5 12. c3 Bg7 13. Nc2 Ne7 14. Nce3 Be6 15. g3 0-0 16. Bg2 Rc8 17. 0-0 Nxd5 18. Bxd5 Qd7 19. Qd3 Kh8 20. Rfd1 Rcd8 21. a4 Bxd5 22. Nxd5 f5 23. axb5 e4 24. Qe3 Qxb5 25. Rd2 Rf7 26. Nb4 d5 27. Qe2 Bh6 28. Qxb5 axb5 29. Rxd5 Rxd5 30. Nxd5 Rd7 31. Nf6 Rd6 32. Ra8+ Bf8 33. Rxf8+ Kg7 34. Ne8+ 1-0

[Event "Berlin Eckbauer op 11th"]
[Site "Berlin"]
[Date "2008.09.15"]
[Round "2.4"]
[White "Neuenbaumer, Jan Holger"]
[Black "Zschaebitz, Klaus"]
[Result "0-1"]
[WhiteElo "1766"]
[BlackElo "2103"]
[PlyCount "94"]
[EventDate "2008.09.08"]
[EventType "swiss"]
[EventRounds "6"]
[EventCountry "GER"]
[SourceTitle "EXT 2022"]
[Source "ChessBase"]
[SourceDate "2021.10.06"]
[SourceVersion "1"]
[SourceVersionDate "2021.10.06"]
[SourceQuality "1"]

1. e4 e6 2. d4 d5 3. exd5 exd5 4. c4 Bb4+ 5. Bd2 Qe7+ 6. Qe2 Nc6 7. Nf3 Bg4 8. Qxe7+ Ngxe7 9. a3 Bxf3 10. axb4 Be4 11. Bc3 Nf5 12. Na3 dxc4 13. Bxc4 Bxg2 14. Rg1 Bf3 15. Rg5 Nd6 16. Bb3 0-0-0 17. Rxg7 Rhg8 18. Rxg8 Rxg8 19. Kd2 Ne7 20. Nc4 Nxc4+ 21. Bxc4 Bd5 22. Bd3 Rg2 23. Ke3 Rxh2 24. Rxa7 Rh3+ 25. Kd2 b6 26. b5 Kb8 27. Ra1 h5 28. Rg1 Rh2 29. Ke3 Rg2 30. Rh1 Rg5 31. f3 Bb7 32. Kf2 Ng6 33. Bd2 Rd5 34. Ke3 f5 35. Bc3 h4 36. Bc4 Rd7 37. Bb4 f4+ 38. Kd3 Ne5+ 39. Kc3 Nxf3 40. d5 Bxd5 41. Bxd5 Rxd5 42. Rh3 Rg5 43. Kc4 Rg3 44. Rh1 h3 45. Be1 Rg1 46. Rxh3 Nxe1 47. Kd5 Rg5+ 0-1

[Event "Berlin Eckbauer op 4th"]
[Site "Berlin"]
[Date "2001.10.01"]
[Round "1"]
[White "Hadj Sassi, Nabil"]
[Black "Neuenbaumer, Jan Holger"]
[Result "1-0"]
[WhiteElo "1909"]
[BlackElo "1381"]
[PlyCount "89"]
[EventDate "2001.10.??"]
[EventType "swiss"]
[EventRounds "7"]
[EventCountry "GER"]
[SourceTitle "EXT 2005"]
[Source "ChessBase"]
[SourceDate "2004.11.15"]
[SourceVersion "1"]
[SourceVersionDate "2004.11.15"]
[SourceQuality "1"]

1. e4 e5 2. f4 exf4 3. Nf3 d5 4. e5 Nc6 5. d4 f6 6. Bxf4 Be6 7. Bd3 Qd7 8. 0-0 fxe5 9. Bxe5 Bd6 10. Bxd6 Qxd6 11. Ng5 0-0-0 12. Nxe6 Re8 13. Nxg7 Re3 14. Qd2 Qh6 15. Nf5 Rxd3 16. Nxh6 Rxd2 17. Nf7 Rxc2 18. Nc3 Nh6 19. Nxh8 Ng4 20. h3 Ne3 21. Rf2 Nxd4 22. Rxc2 Ndxc2 23. Rc1 d4 24. Ne4 b6 25. a3 c5 26. Kf2 Kc7 27. Kf3 c4 28. Nf7 d3 29. Ne5 b5 30. g4 a5 31. h4 b4 32. axb4 axb4 33. g5 Kb6 34. h5 Kb5 35. g6 hxg6 36. hxg6 Nf5 37. Nxc4 Kxc4 38. Nd6+ Kb3 39. Nxf5 Kxb2 40. Rd1 Kc3 41. g7 d2 42. g8Q Ne1+ 43. Ke2 Kc2 44. Qc4+ Kb2 45. Qxb4+ 1-0